Thailand: Facts and figures 1970

Tallennettuna:
Bibliografiset tiedot
Aineistotyyppi: Kirja
Kieli:Undetermined
Julkaistu: Thailand Ministry of National Development 1970
Aiheet:
Tagit: Lisää tagi
Ei tageja, Lisää ensimmäinen tagi!
Thư viện lưu trữ: Trung tâm Học liệu Trường Đại học Cần Thơ
LEADER 00478nam a2200169Ia 4500
001 CTU_90591
008 210402s9999 xx 000 0 und d
082 |a 330.9 
082 |b T364 
245 0 |a Thailand: Facts and figures 1970 
260 |a Thailand 
260 |b Ministry of National Development 
260 |c 1970 
650 |a thailand,thailand 
650 |x economic conditions,statistics 
904 |i Mai Loan 
980 |a Trung tâm Học liệu Trường Đại học Cần Thơ